| 000 | 01209nam a22002777a 4500 | ||
|---|---|---|---|
| 003 | OSt | ||
| 005 | 20240424112439.0 | ||
| 007 | cr ||||||a|c|a | ||
| 008 | 221207s mx ado|fom||| 001 0 spa d | ||
| 040 | _erda | ||
| 100 | 1 |
_9134818 _aZaragoza Tejero, Susana Alejandra |
|
| 245 | 1 |
_aElementos de la tipicidad del cacao criollo (Theobroma cacao L.) en Zozocolco de Hidalgo, Veracruz y su valoración por un mercado potencial / _cpor Susana Alejandra Zaragoza Tejero; director de tesis Angel Pita Duque |
|
| 264 | 1 |
_aChapingo, México : _bEl autor, _c2020. |
|
| 300 | _a1 recurso en línea (134 páginas). | ||
| 336 |
_2rdacontent _atexto _btxt |
||
| 337 |
_2rdamedia _acomputadora _bc |
||
| 338 |
_2rdacarrier _arecurso en línea _bcr |
||
| 502 |
_bMCDRR _cCentros Regionales _d2020. _gMAE |
||
| 504 | _aIncluye referencias bibliográficas: páginas-109-113 | ||
| 650 | 4 |
_916975 _aCacao _xVariedades |
|
| 650 | 4 |
_916956 _aCacao _xMercadeo |
|
| 650 | 4 |
_9185876 _aCacao _xConsumo _zVeracruz |
|
| 700 | 1 |
_988576 _aPita Duque, Angel _eDirector de tesis |
|
| 856 |
_uhttp://10.13.5.2/tesis/tm/2020_CR_Zaragoza_Tejero_SusanaAlejandra.pdf _zDESCARGAR PDF |
||
| 942 |
_2Clasificación Universidad Autónoma Chapingo _cTD |
||
| 999 |
_c217956 _d217956 |
||